000 02036nam0a22003731 4500
001 RU\NLR\A1\26436
005 20251203152403.2
035 _a(NLR Aleph) 009680755
090 _a9700935
_c9700935
100 _a19991018d1788 u y0rusy50 ca
101 1 _arus
_cfre
102 _aRU
200 1 _aТелаира
_eМексиканская повесть.
_fСочиненная на французском языке г. д'Юссио:
_gА с онаго на российской переведенная Н****. С****
210 _aМ.
_cТип. при Театре, у Хр. Клаудия
_d1788
215 _a[2], 105 с.
_d12°
305 _aИмеется титул. изд. 1789 г.
321 1 _aСК XVIII 8740
451 1 _1001RU\NLR\A1\26437
_12001#$aТелаира$eМексиканская повесть.$fСочиненная на французском языке г. д'Юссио:$gА с онаго на российской переведенная Н****. С****
_1700#1$6z01700$6z02790$aЮссье$bЛ. д'$f1744-1805$gЛуи д'$4070
_1700#1$6z01700$7ba$aUssieux$bL. d'$gLouis d'
_99700940
_aЮссье, Л. д' (1744-1805)
_cМ.
_d1789
_fСочиненная на французском языке г. д'Юссио:
_nТип. при Театре, у Хр. Клаудия
_oМексиканская повесть.
_p[2], 105 с.
_tТелаира
_uhttp://vivaldi.nlr.ru/bx000074500/view
620 _dМосква
700 1 _6z01700
_6z02790
_aЮссье
_bЛ. д'
_f1744-1805
_gЛуи д'
_4070
700 1 _6z01700
_aUssieux
_bL. d'
_gLouis d'
_7ba
702 0 _aН****. С****
_4730
702 1 _aКлаудий
_bХ.А.
_f-1805
_gХристофор Александрович
_4610
712 0 0 _aКлаудий
_gХ.А.
_hТипография при Театре
_cМосква
_4610
790 1 _6z02700
_aд'Юссио
801 0 _aRU
_bNLR
_c19991018
852 _aNLR
_j18.320.7.10
899 _aРГБ
899 _aБАН
899 _aГПИБ
942 _cBOOK
980 _aNB
980 _aA1XVIIIv